ARRUPE JESUIT UNIVERSITY

CORONAVIRUS -STOP THE SPREAD - CLEAN,DISINFECT,COVER

Reaching for justice (Record no. 9397)

MARC details
000 -LEADER
fixed length control field 00504nam a2200205Ia 4500
003 - CONTROL NUMBER IDENTIFIER
control field 0100
005 - DATE AND TIME OF LATEST TRANSACTION
control field 20190219122243.0
008 - FIXED-LENGTH DATA ELEMENTS--GENERAL INFORMATION
fixed length control field 130303s9999 xx 000 0 und d
020 ## - INTERNATIONAL STANDARD BOOK NUMBER
International Standard Book Number 0869225375
040 ## - CATALOGING SOURCE
Transcribing agency ARRUPELIB
050 ## - LIBRARY OF CONGRESS CALL NUMBER
Classification number BX1682.Z55A87 1992
300 ## - PHYSICAL DESCRIPTION
Dimensions 22cm.
100 ## - MAIN ENTRY--PERSONAL NAME
Personal name Auret, Diana
9 (RLIN) 44784
245 ## - TITLE STATEMENT
Title Reaching for justice
Remainder of title the Catholic Commission for Justice and Peace 1972-1992
Statement of responsibility, etc Diana Auret
260 ## - PUBLICATION, DISTRIBUTION, ETC. (IMPRINT)
Place of publication, distribution, etc Gweru
Name of publisher, distributor, etc Mambo Press
Date of publication, distribution, etc 1992
300 ## - PHYSICAL DESCRIPTION
Extent xii, 277p. ;
942 ## - ADDED ENTRY ELEMENTS (KOHA)
Source of classification or shelving scheme Library of Congress Classification
Koha item type Monograph ( Printed materials)
Holdings
Withdrawn status Lost status Source of classification or shelving scheme Damaged status Not for loan Collection code Home library Current library Shelving location Date acquired Total Checkouts Full call number Barcode Date last seen Date checked out Copy number Price effective from Koha item type
    Library of Congress Classification     Main Collection ARRUPE LIBRARY ARRUPE LIBRARY Main Collection 04/03/2013 1 BX1682.Z55 A87 1992 46003025365 22/11/2017 02/12/2016 1 04/03/2013 Monograph ( Printed materials)
    Library of Congress Classification     Main Collection ARRUPE LIBRARY ARRUPE LIBRARY Main Collection 04/03/2013   BX1682.Z55 A87 1992 46600003894 22/11/2017   2 04/03/2013 Monograph ( Printed materials)
    Library of Congress Classification     Main Collection ARRUPE LIBRARY ARRUPE LIBRARY Main Collection 06/12/2016   BX1682.Z55 A87 1992 46500020883 22/11/2017   3 06/12/2016 Monograph ( Printed materials)
    Library of Congress Classification     Main Collection ARRUPE LIBRARY ARRUPE LIBRARY Main Collection 03/09/2020 2 BX1682.Z55A87 1992 46500022448 20/05/2024 13/05/2024   03/09/2020 Monograph ( Printed materials)

 

Arrupe Library. PO Box MP320 Mt Pleasant, Harare, Zimbabwe
263 242 745411|librarian@aju.ac.zw